| 000 | 00958nas a2200325 4500 | ||
|---|---|---|---|
| 001 | BR0102714 | ||
| 003 | BR-BrBNA | ||
| 005 | 20231205102257.0 | ||
| 007 | ta | ||
| 008 | 230509b bl.|||p| |||| 00| 00por d | ||
| 040 |
_aBR-BrBNA _bpor _cBiblioteca Nacional de Agricultura |
||
| 041 | _a(Pt) | ||
| 072 | _aP33 | ||
| 100 | 1 | _aAlbuquerque, M.A. | |
| 100 | 1 | _aSchaefer, C.E.G.R. | |
| 100 | 1 | _aFoloni, J.M. | |
| 100 | 1 | _aKer, J.C. | |
| 100 | 1 | _aFontes, L.E.F. | |
| 245 | 1 | _aMineralizacao e sorcao de atrazina em latossolo roxo sob cultivo convencional e plantio direto | |
| 650 | _aLatossolo Roxo | ||
| 650 | _aPlantio Direto | ||
| 650 | _aBiodegradacao | ||
| 650 | _aSorcao | ||
| 650 | _aAtrazina | ||
| 650 | _aAdsorcao | ||
| 650 | _aOxisol | ||
| 773 | 0 |
_tRevista Brasileira de Ciencia do Solo (Brazil) _xISSN 0100-0683 _g(Jan-Mar 2001), v. 25(1) p. 179-188 _wBR0102714 |
|
| 909 |
_a202311 _bLúcia _c55 _dLúcia Elande |
||
| 942 |
_2AGRIS _n0 _cANA |
||
| 999 |
_c166730 _d166730 |
||